000 00551nam a2200205 a 4500
001 11665
003 CO-ViMGA
008 141112s2004 ck r 000 u spa d
020 _a8434411288
040 _aCO-ViMGA
_bspa
_cCO-ViMGA
082 0 4 _a193 S181
100 1 _aSavater, Fernando
_916280
245 1 0 _aIdea de Nietzsche
250 _a1
260 _aBarcelona,
_ceditorial Ariel,
_c1995
300 _a221 p.
650 1 4 _aFILOSOFIA ALEMANA
650 1 4 _aNIETZSCHE FRIEDRICH W. 1844 - 1900 - CRITICA E INTERPRETACION
_916281
942 _2ddc
_cBK
999 _c22850
_d22850